[Event "Nordstrand GP A"]
[Site "Oslo"]
[Date "2019.04.07"]
[Round "4"]
[White "Selbekk, Vebjorn"]
[Black "Melaa, Sondre Lillestol"]
[Result "0-1"]
[WhiteElo "1937"]
[BlackElo "1991"]
[PlyCount "68"]
[EventDate "2019.04.05"]
[EventType "swiss"]
[EventRounds "5"]
[EventCountry "NOR"]
[SourceTitle "EXT 2024"]
[Source "ChessBase"]
[SourceDate "2023.10.10"]
[SourceVersion "1"]
[SourceVersionDate "2023.10.10"]
[SourceQuality "1"]

1. d4 d5 2. e3 Nf6 3. Bd3 c5 4. c3 Nc6 5. f4 e6 6. Nf3 Be7 7. 0-0 b6 8. Ne5 Bb7 9. Qf3 Qc7 10. Nd2 Rf8 11. a4 0-0-0 12. Qh3 Kb8 13. Ndf3 Ne4 14. Qxh7 Bf6 15. Qh5 g6 16. Qg4 Ne7 17. Nd2 Nf5 18. Qf3 Nh4 19. Qd1 Rh8 20. a5 Qe7 21. axb6 Bxe5 22. bxa7+ Ka8 23. dxe5 Nxg2 24. Kxg2 Rxh2+ 25. Kg1 Qh4 26. Qf3 Rh8 27. Nxe4 Rh1+ 28. Qxh1 Qxh1+ 29. Kf2 Qh2+ 30. Ke1 dxe4 31. Bc4 Qc2 32. Rf2 Rh1+ 33. Bf1 Qd3 34. Ra5 Ba6 0-1

[Event "Oslo Nordstrand op"]
[Site "Oslo"]
[Date "2017.04.23"]
[Round "5"]
[White "Selbekk, Vebjorn"]
[Black "Nordquelle, Daniel"]
[Result "0-1"]
[WhiteElo "1976"]
[BlackElo "2094"]
[PlyCount "96"]
[EventDate "2017.04.21"]
[EventType "swiss"]
[EventRounds "5"]
[EventCountry "NOR"]
[SourceTitle "CBM 178 Extra"]
[Source "ChessBase"]
[SourceDate "2017.06.22"]
[SourceVersion "1"]
[SourceVersionDate "2017.06.22"]
[SourceQuality "1"]

1. Nf3 d5 2. g3 g6 3. Bg2 Bg7 4. d3 e5 5. 0-0 Ne7 6. e4 d4 7. a4 c5 8. Na3 Be6 9. Nc4 Nbc6 10. Qe2 0-0 11. Ng5 Bxc4 12. dxc4 h6 13. Nf3 Nc8 14. Ne1 Nd6 15. Nd3 b6 16. b3 Qd7 17. f4 Rae8 18. fxe5 Nxe5 19. Nxe5 Rxe5 20. Bf4 Re7 21. Rae1 Rfe8 22. Bxd6 Qxd6 23. Qd2 Re5 24. Qf4 Qe7 25. Rd1 h5 26. Rd3 Qf8 27. Rdf3 R8e7 28. Qc1 Bh6 29. Qd1 Be3+ 30. Kh1 Qh6 31. h4 Qf8 32. Rf6 Qb8 33. Qf3 Qc7 34. Kh2 Bh6 35. Qd3 Bg7 36. R6f4 Qb7 37. Qf3 R5e6 38. Qd3 Be5 39. R4f2 Rc7 40. Qf3 Re8 41. Qd3 Qc8 42. Bh3 Qd8 43. Qf3 Qxh4 44. Kg2 Qg5 45. Qd3 Rce7 46. Re2 Bb8 47. Rf3 h4 48. g4 f5 0-1

[Event "Bergens Autumn"]
[Site "Bergen"]
[Date "2014.09.09"]
[Round "1"]
[White "Selbekk, Vebjorn"]
[Black "Manne, Per Erik"]
[Result "1/2-1/2"]
[WhiteElo "1954"]
[BlackElo "2170"]
[PlyCount "81"]
[EventDate "2014.09.09"]
[EventType "tourn"]
[EventRounds "5"]
[EventCountry "NOR"]
[SourceTitle "EXT 2024"]
[Source "ChessBase"]
[SourceDate "2023.10.10"]
[SourceVersion "1"]
[SourceVersionDate "2023.10.10"]
[SourceQuality "1"]

1. d4 Nf6 2. c4 g6 3. Nc3 d5 4. cxd5 Nxd5 5. e4 Nxc3 6. bxc3 Bg7 7. Bc4 c5 8. Ne2 0-0 9. Be3 Qc7 10. Rc1 Nd7 11. Qd2 a6 12. Bh6 b5 13. Bd3 Bb7 14. h4 Nf6 15. f3 e5 16. h5 c4 17. Bb1 Rad8 18. Bxg7 Kxg7 19. Qg5 h6 20. Qg3 Rde8 21. hxg6 fxg6 22. Rd1 Rf7 23. Qh4 Ng8 24. Qf2 Rd8 25. Qe3 g5 26. dxe5 Rxd1+ 27. Kxd1 Rd7+ 28. Nd4 Qxe5 29. Ke2 Ne7 30. Rd1 Bc8 31. Nf5+ Nxf5 32. Rxd7+ Bxd7 33. exf5 Qxe3+ 34. Kxe3 Kf6 35. g4 Ke5 36. Be4 a5 37. a3 Be8 38. Bb7 Bd7 39. Be4 Be8 40. Bb7 Bd7 41. Be4 1/2-1/2

[Event "NOR-chT Clubs"]
[Site "Drammen"]
[Date "2010.10.09"]
[Round "4"]
[White "Selbekk, Vebjorn"]
[Black "Kvisla, Johannes Luangtep"]
[Result "1/2-1/2"]
[WhiteElo "1796"]
[BlackElo "2078"]
[PlyCount "87"]
[EventDate "2010.10.08"]
[EventType "team"]
[EventRounds "6"]
[EventCountry "NOR"]
[SourceTitle "EXT 2015"]
[Source "ChessBase"]
[SourceDate "2014.11.20"]
[SourceVersion "1"]
[SourceVersionDate "2014.11.20"]
[SourceQuality "1"]
[WhiteTeam "Moss II"]
[BlackTeam "Stavanger II"]
[WhiteTeamCountry "NOR"]
[BlackTeamCountry "NOR"]

1. d4 e6 2. c4 f5 3. g3 Nf6 4. Bg2 c6 5. Nh3 d6 6. Nc3 Be7 7. 0-0 0-0 8. b3 Qe8 9. Bb2 e5 10. dxe5 dxe5 11. e3 h6 12. Ne2 Bc5 13. a3 a5 14. b4 Bb6 15. c5 Bc7 16. bxa5 Be6 17. f4 e4 18. Bxf6 Rxf6 19. Rb1 Rxa5 20. Rxb7 Qc8 21. Rb2 Na6 22. Nd4 Bd5 23. Qh5 Nxc5 24. Nf2 Rxa3 25. g4 Bf7 26. Nxf5 Qf8 27. Qh4 Bd5 28. Rc1 Nb3 29. Rcb1 Bd8 30. Qh3 Nc5 31. Rb8 Ne6 32. Nxe4 Bxe4 33. Bxe4 Nxf4 34. Qf1 Ne6 35. Qc4 Kh8 36. Rd1 g6 37. Nh4 Qf7 38. Rbxd8+ Nxd8 39. Rxd8+ Kg7 40. Qxf7+ Kxf7 41. Bxg6+ Rxg6 42. Nxg6 Kxg6 43. Rd6+ Kg5 44. Rxc6 1/2-1/2

[Event "EU-Cup 25th"]
[Site "Ohrid"]
[Date "2009.10.08"]
[Round "5.6"]
[White "Selbekk, Vebjorn"]
[Black "Doison, Axel"]
[Result "1-0"]
[WhiteElo "1968"]
[BlackElo "2106"]
[PlyCount "93"]
[EventDate "2009.10.04"]
[EventType "team-swiss"]
[EventRounds "7"]
[EventCountry "MKD"]
[SourceTitle "CBM 133"]
[Source "ChessBase"]
[SourceDate "2009.11.19"]
[SourceVersion "1"]
[SourceVersionDate "2009.11.19"]
[SourceQuality "1"]
[WhiteTeam "Moss"]
[BlackTeam "Echternach Sprenger"]
[WhiteTeamCountry "NOR"]
[BlackTeamCountry "LUX"]

1. d4 e6 2. c4 d5 3. Nc3 Nf6 4. cxd5 exd5 5. Bg5 c6 6. e3 Nbd7 7. Bd3 Be7 8. Nf3 Nh5 9. Bxe7 Qxe7 10. 0-0 0-0 11. Rb1 f5 12. Re1 g5 13. Qc2 g4 14. Nd2 Qg5 15. b4 a6 16. a4 Ndf6 17. b5 axb5 18. axb5 f4 19. exf4 Nxf4 20. Re5 Qg7 21. Nf1 Nd7 22. Re3 h5 23. Rbe1 Qxd4 24. Bh7+ Kh8 25. Re7 Nc5 26. bxc6 bxc6 27. Rc7 Ba6 28. Rxc6 Ne2+ 29. Rxe2 Bxe2 30. Qxe2 Qxc3 31. Qe7 Rfe8 32. Qf7 Re1 33. Bd3 Qg7 34. Qxh5+ Kg8 35. Rxc5 Re5 36. Qh4 Rg5 37. Qg3 Qd4 38. Rc6 Rf8 39. Rg6+ Rxg6 40. Bxg6 Rf4 41. Qe3 Qf6 42. Bd3 Qf7 43. Qg3 Kf8 44. Ne3 Rd4 45. Nxg4 Qf5 46. Qb8+ Ke7 47. Qa7+ 1-0

[Event "NOR-chB"]
[Site "Moss"]
[Date "2006.07.13"]
[Round "7"]
[White "Selbekk, Vebjorn"]
[Black "Thjomoe, Hans Richard"]
[Result "1-0"]
[WhiteElo "1745"]
[BlackElo "1717"]
[PlyCount "75"]
[EventDate "2006.07.08"]
[EventType "swiss"]
[EventRounds "9"]
[EventCountry "NOR"]
[SourceTitle "EXT 2007"]
[Source "ChessBase"]
[SourceDate "2006.11.23"]
[SourceVersion "1"]
[SourceVersionDate "2006.11.23"]
[SourceQuality "1"]

1. d4 Nf6 2. c4 g6 3. Nc3 Bg7 4. e4 d6 5. f3 0-0 6. Be3 c5 7. dxc5 dxc5 8. Qxd8 Rxd8 9. Bxc5 Nc6 10. Nge2 b6 11. Be3 Nb4 12. Kf2 Nd3+ 13. Kg1 Nxb2 14. Nf4 Ng4 15. fxg4 Bxc3 16. Rc1 Nd1 17. Nd5 Bxg4 18. Rxd1 Bxd1 19. Nxc3 Bc2 20. Be2 b5 21. cxb5 e6 22. Kf2 Rac8 23. Nb1 Bxe4 24. Nd2 Bd3 25. a4 Bxe2 26. Kxe2 Rc2 27. a5 Rb2 28. b6 axb6 29. axb6 f5 30. Rd1 e5 31. Ke1 f4 32. Bc5 e4 33. Nxe4 Re8 34. Rd4 Rb5 35. Kd2 Rxe4 36. Rxe4 Rxc5 37. Re8+ Kf7 38. b7 1-0